Advanced engineering mathematics (Record no. 2354)

000 -LEADER
fixed length control field 00457nam a22001937a 4500
001 - CONTROL NUMBER
control field 2354
003 - CONTROL NUMBER IDENTIFIER
control field BD-DhUET
008 - FIXED-LENGTH DATA ELEMENTS--GENERAL INFORMATION
fixed length control field 140922b xxu||||| |||| 00| 0 eng d
020 ## - INTERNATIONAL STANDARD BOOK NUMBER
International Standard Book Number 8121903459
040 ## - CATALOGING SOURCE
Transcribing agency 0
Modifying agency BD-DhUET
082 ## - DEWEY DECIMAL CLASSIFICATION NUMBER
Classification number 510
Item number DAS/2007
100 ## - MAIN ENTRY--PERSONAL NAME
Personal name Dass, H.K.
245 ## - TITLE STATEMENT
Title Advanced engineering mathematics
250 ## - EDITION STATEMENT
Edition statement 17th Rev. ed.
260 ## - PUBLICATION, DISTRIBUTION, ETC. (IMPRINT)
Place of publication, distribution, etc. Ram Nagar
Name of publisher, distributor, etc. S. Chand.
Date of publication, distribution, etc. 2007
300 ## - PHYSICAL DESCRIPTION
Extent xvi,1274p.
650 #0 - SUBJECT ADDED ENTRY--TOPICAL TERM
Topical term or geographic name as entry element Mathematics
942 ## - ADDED ENTRY ELEMENTS (KOHA)
Koha item type General Book
Holdings
Withdrawn status Damaged status Source of classification or shelving scheme Koha out on loan Shelving location Date acquired Koha date last borrowed Koha date last seen Lost status Not for loan Location (home branch) Price effective from Koha issues (times borrowed) Copy number Koha full call number Koha item type Koha normalized classification for sorting Sublocation or collection (holding branch) Piece designation (barcode)
    Circulation section2014-09-222022-11-232023-05-06  Central Library, BUET2014-09-2231510/DAS/2007General Book510DAS2007Central Library, BUET103924
   2026-01-27Circulation section2014-09-222026-01-132026-01-13  Central Library, BUET2014-09-2262510/DAS/2007General Book510DAS2007Central Library, BUET103925
    Circulation section2014-09-222024-12-012025-02-10  Central Library, BUET2014-09-2243510/DAS/2007General Book510DAS2007Central Library, BUET103927
    Circulation section2014-09-222023-03-222023-06-05  Central Library, BUET2014-09-2234510/DAS/2007General Book510DAS2007Central Library, BUET103928
    Circulation section2014-09-222014-11-122016-02-24  Central Library, BUET2014-09-2215510/DAS/2007General Book510DAS2007Central Library, BUET103929
    Circulation section2014-09-222023-01-112023-02-28  Central Library, BUET2014-09-2227510/DAS/2007General Book510DAS2007Central Library, BUET103931
    Circulation section2014-09-222026-04-152026-05-09  Central Library, BUET2014-09-2236510/DAS/2007General Book510DAS2007Central Library, BUET103930
    Circulation section2015-01-262019-01-202019-03-31  Central Library, BUET2015-01-2628510/DAS/2007General Book510_000000000000000_DAS_2007Central Library, BUET103922
    Circulation section2015-09-012025-03-022025-04-07  Central Library, BUET2015-09-0129510DAS/2007General Book510DAS_2007_000000000000000Central Library, BUET103923
   2024-12-08Circulation section2007-05-282024-11-242024-11-24  Central Library, BUET2017-05-291110510/DAS/2007General Book510_000000000000000_DAS_2007Central Library, BUET103926